Trendy a vývoj v oblasti sekuritizácie

Historický pohľad na vznik sekuritizácie. Techniky sekuritizácie. Finančné produkty pri sekuritizácii. Kreditné deriváty.

Enregistré dans:
Détails bibliographiques
Auteur principal: Bikár, Miloš, 1973-
Format: Chapitre de livre
Langue:slovaque
Sujets:
Tags: Ajouter un tag
Pas de tags, Soyez le premier à ajouter un tag!

MARC

LEADER 00000naa$a2200000$$$4500
001 0099130
005 20240502072106.8
041 0 |a slo 
044 |a SK 
245 1 0 |a Trendy a vývoj v oblasti sekuritizácie  |c Miloš Bikár 
520 |a Historický pohľad na vznik sekuritizácie. Techniky sekuritizácie. Finančné produkty pri sekuritizácii. Kreditné deriváty. 
610 2 0 |a papiere cenné 
610 2 0 |a sekuritizácia 
610 2 0 |a riziko úverové 
610 2 0 |a deriváty 
610 2 0 |a história 
100 1 |a Bikár, Miloš, 1973-